| 000 | 00865cam a22002771 4500 | ||
|---|---|---|---|
| 001 | 6034 | ||
| 003 | BD-RjUL | ||
| 005 | 20211208234155.0 | ||
| 008 | 140108s1954 nyu 001 0 eng | ||
| 035 | _a(BD-RjUL) 6073 | ||
| 035 | _a(OCoLC)2436558 | ||
| 040 |
_aDLC _cCoDU _dOCoLC _dBD-RjUL _beng |
||
| 041 | _aeng | ||
| 082 |
_a342.7376 _bPAO 1954 |
||
| 100 | 1 |
_aPatman, Wright _d1893-1976. _918968 |
|
| 245 | 1 | 0 |
_aOur American government : _bthe answers to 1001 questions on how it works / _cWright Patman |
| 250 | _aA new ed., rev. by the author. | ||
| 260 |
_aNew York : _bBantam Books, _c1954. |
||
| 300 |
_axi, 304 p. ; _c18 cm. |
||
| 490 | 0 |
_aA Bantam giant, _vA1210 |
|
| 504 | _aIncludes index. | ||
| 651 | 0 |
_aUnited States _xPolitics and government _xOutlines, syllabi, etc. _918969 |
|
| 942 |
_2ddc _cBK |
||
| 999 |
_c6034 _d6034 |
||